[Event "Pacific Coast op 19th"]
[Site "Agoura Hills"]
[Date "2014.07.19"]
[Round "3"]
[White "Stein, Jeremy A"]
[Black "Le, Cau Duong"]
[Result "0-1"]
[WhiteElo "2107"]
[BlackElo "2074"]
[PlyCount "88"]
[EventDate "2014.07.17"]
[EventType "swiss"]
[EventRounds "6"]
[EventCountry "USA"]
[SourceTitle "EXT 2018"]
[Source "ChessBase"]
[SourceDate "2017.10.13"]
[SourceVersion "1"]
[SourceVersionDate "2017.10.13"]
[SourceQuality "1"]

1. d4 Nf6 2. c4 g6 3. g3 Bg7 4. Bg2 d5 5. cxd5 Nxd5 6. Nf3 Nb6 7. 0-0 Nc6 8. e3 0-0 9. Qe2 e5 10. dxe5 Nxe5 11. Rd1 Qe7 12. Nxe5 Qxe5 13. Nc3 c6 14. e4 Be6 15. Bf4 Qa5 16. Qc2 Rfe8 17. a3 Nc4 18. b4 Qh5 19. a4 Ne5 20. Bxe5 Qxe5 21. Rac1 a5 22. b5 Qxc3 23. Qxc3 Bxc3 24. Rxc3 cxb5 25. axb5 a4 26. Ra1 Rec8 27. Rxc8+ Rxc8 28. e5 b6 29. Bc6 Bb3 30. Kf1 Rd8 31. Ke2 g5 32. f4 gxf4 33. gxf4 Kf8 34. Ke3 Ke7 35. f5 h6 36. h4 Rc8 37. Kd4 Rg8 38. Re1 Rg4+ 39. Re4 Rg3 40. Bd5 a3 41. f6+ Kd7 42. Re1 Rg4+ 43. Be4 Bc2 44. Kc3 Bxe4 0-1

[Event "Southern California-chB"]
[Site "Monterey Park"]
[Date "2013.06.01"]
[Round "1"]
[White "Yanayt, Eugene"]
[Black "Stein, Jeremy A"]
[Result "1-0"]
[WhiteElo "2230"]
[BlackElo "2119"]
[PlyCount "102"]
[EventDate "2013.06.01"]
[EventType "swiss"]
[EventRounds "4"]
[EventCountry "USA"]
[SourceTitle "EXT 2014"]
[Source "ChessBase"]
[SourceDate "2013.11.20"]
[SourceVersion "1"]
[SourceVersionDate "2013.11.20"]
[SourceQuality "1"]

1. d4 Nf6 2. c4 g6 3. Nc3 Bg7 4. e4 d6 5. Nf3 0-0 6. Be2 e5 7. 0-0 Nc6 8. d5 Ne7 9. Ne1 Nd7 10. Be3 f5 11. f3 f4 12. Bf2 g5 13. a4 a5 14. Nd3 b6 15. b4 axb4 16. Nxb4 Nf6 17. Nd3 Rf7 18. Be1 Bf8 19. Nf2 h5 20. h3 Rg7 21. Nb5 Ng6 22. a5 bxa5 23. Rxa5 Rxa5 24. Bxa5 Nh4 25. c5 dxc5 26. d6 Bxd6 27. Qb3+ Kh7 28. Nxd6 Qxd6 29. Rd1 Qe7 30. Qb8 Be6 31. Rd8 c4 32. Rh8+ Kg6 33. Qb5 Rg8 34. Rxg8+ Bxg8 35. Bxc4 Bxc4 36. Qxc4 Qa3 37. Bxc7 Qa1+ 38. Kh2 Qb2 39. Qf1 g4 40. fxg4 hxg4 41. Nxg4 Nxg4+ 42. hxg4 f3 43. Kg3 fxg2 44. Qg1 Qc3+ 45. Kxh4 Qxc7 46. Qxg2 Qf7 47. Qd2 Qf6+ 48. Kg3 Qb6 49. Qf2 Qb3+ 50. Kh4 Qc3 51. g5 Qa1 1-0

[Event "Southern California-ch 24th"]
[Site "Monterey Park"]
[Date "2012.07.15"]
[Round "4"]
[White "Stein, Jeremy A"]
[Black "Yanayt, Eugene"]
[Result "0-1"]
[WhiteElo "2128"]
[BlackElo "2270"]
[PlyCount "84"]
[EventDate "2012.07.14"]
[EventType "tourn"]
[EventRounds "7"]
[EventCountry "USA"]
[SourceTitle "CBM 149 Extra"]
[Source "ChessBase"]
[SourceDate "2012.08.24"]
[SourceVersion "1"]
[SourceVersionDate "2012.08.24"]
[SourceQuality "1"]

1. d4 Nf6 2. c4 g6 3. g3 Bg7 4. Bg2 0-0 5. Nf3 d6 6. 0-0 Nc6 7. Nc3 a6 8. b3 Rb8 9. e3 b5 10. Nd2 Bd7 11. Bb2 Na5 12. Rb1 c5 13. dxc5 dxc5 14. Nce4 Nxe4 15. Nxe4 Bf5 16. Bxg7 Kxg7 17. cxb5 axb5 18. Qc1 Nb7 19. Qc3+ Kg8 20. Rbc1 Bxe4 21. Bxe4 Nd6 22. Bg2 Rc8 23. Rfd1 Qb6 24. a4 Rc7 25. Ra1 b4 26. Qe5 c4 27. a5 Qa7 28. bxc4 Nxc4 29. Qd4 Rb8 30. a6 Rb6 31. Qd8+ Kg7 32. Bb7 Rbxb7 33. axb7 Qxb7 34. Ra8 b3 35. Qh8+ Kh6 36. Qd4 Qxa8 37. Qf4+ g5 38. Qxc7 Qe4 39. Rd4 b2 40. Rxe4 b1Q+ 41. Kg2 Qxe4+ 42. f3 Nxe3+ 0-1

[Event "Southern California-ch Cand"]
[Site "Monterey Park"]
[Date "2012.06.24"]
[Round "4"]
[White "Ortiz, Eduardo"]
[Black "Stein, Jeremy A"]
[Result "0-1"]
[WhiteElo "2294"]
[BlackElo "2102"]
[PlyCount "76"]
[EventDate "2012.06.23"]
[EventType "swiss"]
[EventRounds "4"]
[EventCountry "USA"]
[SourceTitle "EXT 2013"]
[Source "ChessBase"]
[SourceDate "2012.11.22"]
[SourceVersion "1"]
[SourceVersionDate "2012.11.22"]
[SourceQuality "1"]

1. d4 Nf6 2. c4 g6 3. Nc3 Bg7 4. e4 d6 5. Nf3 0-0 6. Be2 e5 7. 0-0 Nc6 8. d5 Ne7 9. b4 Ne8 10. a4 f5 11. Nd2 Nf6 12. a5 f4 13. c5 g5 14. h3 Ng6 15. Ba3 Rf7 16. b5 Bf8 17. c6 b6 18. Bb4 bxa5 19. Rxa5 h5 20. Bxh5 Nxh5 21. Qxh5 Qf6 22. Rfa1 Rh7 23. Qd1 g4 24. hxg4 Qh8 25. f3 Rh1+ 26. Kf2 Rxd1 27. Nxd1 Qh4+ 28. Ke2 Rb8 29. R1a4 Qh2 30. Nc3 Qxg2+ 31. Kd3 Nh4 32. Rxa7 Nxf3 33. Nxf3 Qxf3+ 34. Kc4 Bxg4 35. Ra1 Qe3 36. Rxc7 Be2+ 37. Nxe2 Qxe2+ 38. Kb3 Qe3+ 0-1

[Event "US Open-111"]
[Site "Irvine"]
[Date "2010.07.31"]
[Round "1"]
[White "Antal, Gergely"]
[Black "Stein, Jeremy A"]
[Result "1-0"]
[WhiteElo "2519"]
[BlackElo "2066"]
[PlyCount "61"]
[EventDate "2010.07.31"]
[EventType "swiss"]
[EventRounds "9"]
[EventCountry "USA"]
[SourceTitle "CBM 137 Extra"]
[Source "ChessBase"]
[SourceDate "2010.09.01"]
[SourceVersion "1"]
[SourceVersionDate "2010.09.01"]
[SourceQuality "1"]

1. e4 e6 2. d4 d5 3. Nd2 dxe4 4. Nxe4 Bd7 5. Bd3 Bc6 6. Nf3 Nd7 7. Qe2 Ngf6 8. Neg5 Qe7 9. Ne5 Nxe5 10. dxe5 Nd7 11. 0-0 Nc5 12. Bb5 Bxb5 13. Qxb5+ Qd7 14. Qe2 Be7 15. b4 Bxg5 16. Bxg5 Na4 17. c4 h6 18. Be3 0-0 19. Rad1 Qe7 20. Rd4 Rfd8 21. Rg4 Kh8 22. Rf4 Rd7 23. Qh5 Qf8 24. h3 Nb2 25. Rh4 a6 26. f4 Nxc4 27. Bc5 Qg8 28. f5 Nb6 29. f6 Nd5 30. Rg4 Qh7 31. Rxg7 1-0

[Event "South Calfornia-ch Cand"]
[Site "Garden Grove"]
[Date "2008.06.21"]
[Round "2"]
[White "Kudryavtsev, Vadim"]
[Black "Stein, Jeremy A"]
[Result "1-0"]
[WhiteElo "2162"]
[BlackElo "2117"]
[PlyCount "97"]
[EventDate "2008.06.21"]
[EventType "swiss"]
[EventRounds "4"]
[EventCountry "USA"]
[SourceTitle "EXT 2014"]
[Source "ChessBase"]
[SourceDate "2013.11.20"]
[SourceVersion "1"]
[SourceVersionDate "2013.11.20"]
[SourceQuality "1"]

1. Nf3 d5 2. d4 Nf6 3. c4 c6 4. Nc3 dxc4 5. a4 Bf5 6. Ne5 e6 7. f3 Bb4 8. e4 Bxe4 9. fxe4 Nxe4 10. Bd2 Qxd4 11. Nxe4 Qxe4+ 12. Qe2 Bxd2+ 13. Kxd2 Qd5+ 14. Kc2 Na6 15. Nxc4 0-0 16. Qe5 f6 17. Qxd5 cxd5 18. Na5 Rfc8+ 19. Kd2 Nc5 20. Ra3 b6 21. Nb3 Ne4+ 22. Ke3 f5 23. Bd3 Nd6 24. g4 g6 25. gxf5 gxf5 26. Nd4 Kf7 27. a5 bxa5 28. Rxa5 Nc4+ 29. Bxc4 Rxc4 30. Rha1 f4+ 31. Kd3 e5 32. Rxa7+ Rxa7 33. Rxa7+ Kg6 34. Ra6+ Kh5 35. Nc2 e4+ 36. Kd2 d4 37. Rd6 d3 38. Nd4 f3 39. Ke3 Rc1 40. Nf5 Kg4 41. Kxe4 f2 42. Ne3+ Kg5 43. Rxd3 Re1 44. Rd5+ Kg6 45. Rf5 Rxe3+ 46. Kxe3 Kxf5 47. Kxf2 Ke4 48. Kg3 Kd4 49. Kg4 1-0

[Event "USA-chT Amateur West"]
[Site "San Pedro"]
[Date "2007.02.18"]
[Round "3"]
[White "Stein, Jeremy A"]
[Black "Peters, Jack"]
[Result "1/2-1/2"]
[WhiteElo "2130"]
[BlackElo "2430"]
[PlyCount "82"]
[EventDate "2007.02.17"]
[EventType "team-swiss"]
[EventRounds "6"]
[EventCountry "USA"]
[SourceTitle "EXT 2014"]
[Source "ChessBase"]
[SourceDate "2013.11.20"]
[SourceVersion "1"]
[SourceVersionDate "2013.11.20"]
[SourceQuality "1"]

1. d4 Nf6 2. c4 g6 3. g3 Bg7 4. Bg2 d6 5. Nf3 0-0 6. 0-0 c6 7. Nc3 Bf5 8. Ne1 Qc8 9. e4 Bh3 10. f3 Bxg2 11. Kxg2 Nbd7 12. Be3 e5 13. d5 Nb6 14. Qe2 cxd5 15. cxd5 Nc4 16. Bg1 Bh6 17. Nd3 Qc7 18. f4 exf4 19. gxf4 Rfe8 20. Rae1 Qa5 21. Bd4 Bg7 22. b3 Na3 23. Qb2 Rac8 24. Nf2 Qb4 25. Rd1 Nh5 26. Bxg7 Nxg7 27. Rd3 Nh5 28. Rf3 Nf6 29. Rd1 Nxe4 30. Ncxe4 Rxe4 31. Nxe4 Qxe4 32. Qf2 Rc2 33. Rd2 Rxd2 34. Qxd2 Nc2 35. Kf2 Nb4 36. f5 Nxd5 37. fxg6 hxg6 38. Qg5 Qe5 39. Qxe5 dxe5 40. Rd3 Nb4 41. Rd7 Nxa2 1/2-1/2

[Event "Pacific Southwest op 46th"]
[Site "Los Angeles"]
[Date "2006.07.02"]
[Round "4"]
[White "Miller, Ike S"]
[Black "Stein, Jeremy A"]
[Result "0-1"]
[WhiteElo "2061"]
[BlackElo "2073"]
[PlyCount "82"]
[EventDate "2006.07.01"]
[EventType "swiss"]
[EventRounds "7"]
[EventCountry "USA"]
[SourceTitle "CBM 113 Extra"]
[Source "ChessBase"]
[SourceDate "2006.09.14"]
[SourceVersion "1"]
[SourceVersionDate "2006.09.14"]
[SourceQuality "1"]

1. d4 d5 2. c4 c6 3. Nf3 Nf6 4. Nc3 dxc4 5. a4 Bf5 6. Ne5 e6 7. f3 Bb4 8. e4 Bxe4 9. fxe4 Nxe4 10. Bd2 Qxd4 11. Nxe4 Qxe4+ 12. Qe2 Bxd2+ 13. Kxd2 Qd5+ 14. Kc2 Na6 15. Nxc4 0-0 16. Qe5 Rab8 17. a5 f6 18. Qxd5 cxd5 19. Ne3 Rfc8+ 20. Kb3 Nc5+ 21. Ka3 f5 22. Be2 Kf7 23. b4 Ne4 24. Rhc1 Kf6 25. Kb2 d4 26. Nd1 e5 27. Rxc8 Rxc8 28. a6 b6 29. Rc1 Rxc1 30. Kxc1 Nd6 31. Nb2 e4 32. Bc4 b5 33. Bd5 Ke5 34. Bc6 g5 35. Nd1 f4 36. Nf2 h5 37. h3 d3 38. Kd1 Kd4 39. Ke1 e3 40. Nd1 e2 41. Nf2 Ke3 0-1